01233cpcaa2200289 a 4500001001300000003000400013005001700017008004100034010001700075040002400092072001200116100003400128245004300162300001500205506002200220520025100242545007300493546003600566580005700602600005500659600002200714650002700736651004600763651004600809656002700855656006100882mm2011085594DLC20260227111732.0110715|||||||||||| eng  amm2011085594 aDLCcDLCedacsdDLC 7aC2lcmd1 aWadsworth, Peleg,d1748-1829.00aPeleg Wadsworth correspondence,f1798. a10fitems.0 aOpen to research.8 aALsS (1798 January-May) written by Wadsworth, while serving as a U.S. representative from Massachusetts, to his son, Charles L. Wadsworth, relating chiefly to the XYZ affair and to family matters. Includes typewritten transcripts of the letters.0 aU.S. representative from Massachusetts and Continental Army officer. aCollection material in English. aForms part of: Miscellaneous Manuscripts collection.10aWadsworth, Charles L.,d1776-1848vCorrespondence.30aWadsworth family. 0aXYZ Affair, 1797-1798. 0aFrancexForeign relationszUnited States. 0aUnited StatesxForeign relationszFrance. 7aArmy officers.2itoamc 7aRepresentatives, U.S. CongresszNew York (State)2itoamc